000155546 001__ 155546 000155546 005__ 20250516084505.0 000155546 037__ $$aTAZ-TFG-2022-3154 000155546 041__ $$aspa 000155546 1001_ $$aCasado Echeverría-Torres, Dolores María 000155546 24200 $$aDigital tools in civil proceedings 000155546 24500 $$aLas herramientas digitales en el proceso civil 000155546 260__ $$aZaragoza$$bUniversidad de Zaragoza$$c2022 000155546 506__ $$aby-nc-sa$$bCreative Commons$$c3.0$$uhttp://creativecommons.org/licenses/by-nc-sa/3.0/ 000155546 520__ $$aEl impacto de las nuevas tecnologías en la Administración de Justicia ha traído consigo numerosas reformas en materia procesal. Para que el uso de las mismas garantice resultados óptimos se debe contar con equipos de gestión adecuados. En este sentido, la cuestión sobre la que versa el presente trabajo tiene por objeto un análisis fundado en Derecho de las distintas herramientas digitales de las que hace uso el proceso civil para su cada vez más evidente digitalización. De esta forma, durante el desarrollo del tema se abordarán cuestiones tales como aquellos principios que pueden colisionar con el avance digital de la Justicia, a saber, oralidad e inmediación, así como los diversos ámbitos en los que operan las herramientas digitales en el proceso civil, haciendo referencia a los que suscitan mayor interés jurídico. Por último, se comentará la pertinencia de una posible reforma del proceso hacia un modelo todavía más digitalizado, analizando brevemente la crisis sanitaria del COVID-19 como precedente y haciendo alusión los recientes proyectos legislativos en lo relativo a este campo. <br /> 000155546 521__ $$aGraduado en Derecho 000155546 540__ $$aDerechos regulados por licencia Creative Commons 000155546 700__ $$aHerrero Perezagua, Juan Francisco$$edir. 000155546 7102_ $$aUniversidad de Zaragoza$$bDerecho Privado$$cDerecho Procesal 000155546 8560_ $$f757871@unizar.es 000155546 8564_ $$s384034$$uhttps://zaguan.unizar.es/record/155546/files/TAZ-TFG-2022-3154.pdf$$yMemoria (spa) 000155546 909CO $$ooai:zaguan.unizar.es:155546$$pdriver$$ptrabajos-fin-grado 000155546 950__ $$a 000155546 951__ $$adeposita:2025-05-16 000155546 980__ $$aTAZ$$bTFG$$cDER 000155546 999__ $$a20220707224955.CREATION_DATE